Graphs and Functions by Picture - Statistics

General Stats
  • This quiz has been taken 58 times
  • The average score is 14 of 25
Answer Stats
Picture Answer % Correct
Linear
y = x
98%
Quadratic
y = x2
98%
Sine
y = sin x
71%
Absolute Value
y = |x|
69%
Circle
9 = x2 + y2
69%
Exponential
y = 2x
67%
Square Root
y = x
67%
Tangent
y = tan x
67%
Cosine
y = cos x
63%
Cubic
y = x3
60%
Rational
y = 1x
60%
Logarithm
y = log x
56%
Constant
y = 0
54%
Cotangent
y = cot x
50%
Cube Root
y = 3x
48%
Arccosine
y = arccos x
46%
Arcsine
y = arcsin x
46%
Ellipse
1 = x29 + y24
44%
Secant
y = sec x
44%
Cosecant
y = csc x
42%
Arctangent
y = arctan x
40%
Hyperbola
1 = x2 - y2
31%
Inverse Square
y = 1x2
31%
Polar
r = θ 2
31%
Modulus
y = x % 2
21%
No matching quizzes found
Score Distribution
Percent of People with Each Score
Percentile by Number Answered
Your Score History
You have not taken this quiz